| 000 | 00696nam a2200181Ia 4500 | ||
|---|---|---|---|
| 008 | 090123s9999 xx 000 0 und d | ||
| 082 | _b23038 | ||
| 100 | _aकेरकर प्रसाद | ||
| 245 | _aशेअर बाझार गुंतवणुक-कधी व कोठे | ||
| 250 | _a1 | ||
| 260 |
_bमनोरमा प्रकाशन _c1993 |
||
| 300 | _a168 | ||
| 600 | _aकेरकर प्रसाद | ||
| 630 | _aशेअर बाझार गुंतवणुक-कधी व कोठे | ||
| 700 | _aकेरकर प्रसाद | ||
| 730 | _aशेअर बाझार गुंतवणुक-कधी व कोठे | ||
| 942 | _cBOOK | ||
| 999 |
_c61110 _d61110 |
||